Learning Resource and Development

The one-shot library instruction (Record no. 13243)

MARC details
000 -LEADER
fixed length control field 01227nam a22003497a 4500
005 - DATE AND TIME OF LATEST TRANSACTION
control field 20230512224106.0
008 - FIXED-LENGTH DATA ELEMENTS--GENERAL INFORMATION
fixed length control field 230328t xxu||||| |||| 00| 0 eng d
020 ## - INTERNATIONAL STANDARD BOOK NUMBER
International Standard Book Number 9780838949979
040 ## - CATALOGING SOURCE
Transcribing agency CSPC
050 0# - LIBRARY OF CONGRESS CALL NUMBER
Classification number Z711.25.C65
Item number B83
082 0# - DEWEY DECIMAL CLASSIFICATION NUMBER
Classification number 025.5677
Item number B851o
100 ## - MAIN ENTRY--PERSONAL NAME
Personal name Buchanan, Heidi E.,
Relator term author.
245 00 - TITLE STATEMENT
Title The one-shot library instruction
Remainder of title : survival guide /
Statement of responsibility, etc. Heidi E. Buchanan and Beth A. McDonough.
250 ## - EDITION STATEMENT
Edition statement Third edition.
260 ## - PUBLICATION, DISTRIBUTION, ETC.
Place of publication, distribution, etc. Chicago:
Name of publisher, distributor, etc. ALA Editions,
Date of publication, distribution, etc. 2021.
300 ## - PHYSICAL DESCRIPTION
Extent vii, 164 pages :
Other physical details illustrations ;
Dimensions 23 cm.
336 ## - CONTENT TYPE
Source rdacontent
Content type term text
337 ## - MEDIA TYPE
Source rdamedia
Media type term unmediated
338 ## - CARRIER TYPE
Source rdacarrier
Carrier type term volume
500 ## - GENERAL NOTE
General note Includes index.
504 ## - BIBLIOGRAPHY, ETC. NOTE
Bibliography, etc. note Includes bibliographical references.
650 10 - SUBJECT ADDED ENTRY--TOPICAL TERM
Topical term or geographic name entry element Research
General subdivision Methodology
-- Study and teaching (Higher)
650 10 - SUBJECT ADDED ENTRY--TOPICAL TERM
Topical term or geographic name entry element Academic libraries
General subdivision Relations with faculty and curriculum.
650 10 - SUBJECT ADDED ENTRY--TOPICAL TERM
Topical term or geographic name entry element Information literacy
General subdivision Study and teaching (Higher).
650 10 - SUBJECT ADDED ENTRY--TOPICAL TERM
Topical term or geographic name entry element Library orientation for college students.
700 1# - ADDED ENTRY--PERSONAL NAME
Personal name McDonough, Beth A.,
Relator term author.
940 ## - EQUIVALENCE OR CROSS-REFERENCE--UNIFORM TITLE [OBSOLETE] [CAN/MARC only]
Uniform title <a href="jessa f">jessa f</a>
940 ## - EQUIVALENCE OR CROSS-REFERENCE--UNIFORM TITLE [OBSOLETE] [CAN/MARC only]
Uniform title <a href="mae">mae</a>
942 ## - ADDED ENTRY ELEMENTS (KOHA)
Koha item type
-- CIR 025.5677 B851o 2021
Holdings
Withdrawn status Lost status Damaged status Not for loan Home library Current library Shelving location Date acquired Total Checkouts Full call number Barcode Date last seen Copy number Price effective from Koha item type
        Main Library Main Library Circulation Section 05/12/2023   CIR 025.5677 B851o 2021 025329 05/12/2023 1-1 05/12/2023 Books